| 000 | 00846nam a22002417a 4500 | ||
|---|---|---|---|
| 999 |
_c16356 _d16356 |
||
| 003 | AR-CdUCM | ||
| 008 | 190223b ||||| |||| 00| 0 spa d | ||
| 040 |
_aMUNICIPALIDAD PROVINCIAL DEL CUSCO _cBIBLIOTECA MUNICIPAL DEL CUSCO |
||
| 082 |
_a923.2 / _bD63 |
||
| 100 |
_aDeutscher, Isaac _91923 |
||
| 245 |
_aTrotsky : _bel profeta desterrado (1879-1921) / |
||
| 260 |
_aMéxico, _bEds. ERA, S.A., _c1966. |
||
| 300 |
_a491 páginas ; _c20 cm. |
||
| 505 | _aContenido :El hogar y la escuela -- En el umbral de la historia -- El comisario del pueblo -- Revolución y conquista -- Trotsky en 1905 ... | ||
| 650 |
_aBiografía _922 |
||
| 650 |
_aComunismo _9495 |
||
| 650 |
_aLeón Trotsky _91924 |
||
| 650 |
_aRusia _9499 |
||
| 650 |
_aU.R.S.S. _91175 |
||
| 650 |
_aRevolución Rusa _91925 |
||
| 942 |
_2ddc _cLIBROS |
||
| 945 |
_apjha _d2019-05-13 |
||